<?xml version="1.0" encoding="UTF-8"?>
<record
    xmlns:xsi="http://www.w3.org/2001/XMLSchema-instance"
    xsi:schemaLocation="http://www.loc.gov/MARC21/slim http://www.loc.gov/standards/marcxml/schema/MARC21slim.xsd"
    xmlns="http://www.loc.gov/MARC21/slim">

  <leader>00765nam a2200229Ia 4500</leader>
  <controlfield tag="005">20220827103421.0</controlfield>
  <controlfield tag="008">210716s2011    xx            000 0 und d</controlfield>
  <datafield tag="020" ind1=" " ind2=" ">
    <subfield code="a">9788173195501</subfield>
  </datafield>
  <datafield tag="040" ind1=" " ind2=" ">
    <subfield code="c">AIMIT LIBRARY</subfield>
  </datafield>
  <datafield tag="041" ind1=" " ind2=" ">
    <subfield code="a">eng</subfield>
  </datafield>
  <datafield tag="082" ind1=" " ind2=" ">
    <subfield code="a">005.304 </subfield>
    <subfield code="2">1</subfield>
    <subfield code="b">GODN</subfield>
  </datafield>
  <datafield tag="100" ind1=" " ind2=" ">
    <subfield code="a">Godbole, Nina S.</subfield>
    <subfield code="9">55728</subfield>
  </datafield>
  <datafield tag="245" ind1=" " ind2=" ">
    <subfield code="a">Software quality assurance :</subfield>
    <subfield code="b">principles and practice /</subfield>
    <subfield code="c">By Nina S Godbole.</subfield>
  </datafield>
  <datafield tag="250" ind1=" " ind2=" ">
    <subfield code="a">1st ed.</subfield>
  </datafield>
  <datafield tag="260" ind1=" " ind2=" ">
    <subfield code="a">New Delhi :</subfield>
    <subfield code="b">Narosa Publishing House ,</subfield>
    <subfield code="c">2011.</subfield>
  </datafield>
  <datafield tag="300" ind1=" " ind2=" ">
    <subfield code="a">xvi,419 p. ;</subfield>
    <subfield code="c">25 cm.</subfield>
  </datafield>
  <datafield tag="650" ind1=" " ind2=" ">
    <subfield code="a">Planning for software quality assurance</subfield>
    <subfield code="9">55729</subfield>
  </datafield>
  <datafield tag="650" ind1=" " ind2=" ">
    <subfield code="a">Product quality and process quality</subfield>
    <subfield code="9">55730</subfield>
  </datafield>
  <datafield tag="650" ind1=" " ind2=" ">
    <subfield code="a">Walkthroughs and inspections</subfield>
    <subfield code="9">55731</subfield>
  </datafield>
  <datafield tag="650" ind1=" " ind2=" ">
    <subfield code="a">Software testing</subfield>
    <subfield code="9">55732</subfield>
  </datafield>
  <datafield tag="942" ind1=" " ind2=" ">
    <subfield code="2">ddc</subfield>
    <subfield code="c">BK</subfield>
    <subfield code="e">1st</subfield>
    <subfield code="k">005.304 GODN</subfield>
  </datafield>
  <datafield tag="999" ind1=" " ind2=" ">
    <subfield code="c">192195</subfield>
    <subfield code="d">192195</subfield>
  </datafield>
  <datafield tag="952" ind1=" " ind2=" ">
    <subfield code="0">0</subfield>
    <subfield code="1">0</subfield>
    <subfield code="2">ddc</subfield>
    <subfield code="4">0</subfield>
    <subfield code="7">3</subfield>
    <subfield code="8">MCA</subfield>
    <subfield code="a">AIMIT</subfield>
    <subfield code="b">AIMIT</subfield>
    <subfield code="e">Narosa Book Distributors</subfield>
    <subfield code="g">415.00</subfield>
    <subfield code="i">Bill no:61962; Bill dt:2012-02-0</subfield>
    <subfield code="l">0</subfield>
    <subfield code="o">005.304 GODN</subfield>
    <subfield code="p">MCA11703</subfield>
    <subfield code="r">2025-07-21 00:00:00</subfield>
    <subfield code="v">311.25</subfield>
    <subfield code="w">2021-07-16</subfield>
    <subfield code="y">BK</subfield>
  </datafield>
  <datafield tag="952" ind1=" " ind2=" ">
    <subfield code="0">0</subfield>
    <subfield code="1">0</subfield>
    <subfield code="2">ddc</subfield>
    <subfield code="4">0</subfield>
    <subfield code="7">0</subfield>
    <subfield code="8">MCA</subfield>
    <subfield code="a">AIMIT</subfield>
    <subfield code="b">AIMIT</subfield>
    <subfield code="e">Higginbothams Pvt Ltd</subfield>
    <subfield code="g">415.00</subfield>
    <subfield code="i">Bill no:2449; Bill dt:2012-08-06</subfield>
    <subfield code="l">0</subfield>
    <subfield code="o">005.304 GODN</subfield>
    <subfield code="p">MCA12125</subfield>
    <subfield code="r">2026-05-23 00:00:00</subfield>
    <subfield code="v">311.25</subfield>
    <subfield code="w">2021-07-16</subfield>
    <subfield code="y">BK</subfield>
  </datafield>
  <datafield tag="952" ind1=" " ind2=" ">
    <subfield code="0">0</subfield>
    <subfield code="1">0</subfield>
    <subfield code="2">ddc</subfield>
    <subfield code="4">0</subfield>
    <subfield code="7">0</subfield>
    <subfield code="8">MCA</subfield>
    <subfield code="a">AIMIT</subfield>
    <subfield code="b">AIMIT</subfield>
    <subfield code="e">Higginbothams Pvt Ltd</subfield>
    <subfield code="g">415.00</subfield>
    <subfield code="i">Bill no:2449; Bill dt:2012-08-06</subfield>
    <subfield code="l">0</subfield>
    <subfield code="o">005.304 GODN</subfield>
    <subfield code="p">MCA12126</subfield>
    <subfield code="r">2026-05-23 00:00:00</subfield>
    <subfield code="v">311.25</subfield>
    <subfield code="w">2021-07-16</subfield>
    <subfield code="y">BK</subfield>
  </datafield>
  <datafield tag="952" ind1=" " ind2=" ">
    <subfield code="0">0</subfield>
    <subfield code="1">0</subfield>
    <subfield code="2">ddc</subfield>
    <subfield code="4">0</subfield>
    <subfield code="7">0</subfield>
    <subfield code="8">MCA</subfield>
    <subfield code="a">AIMIT</subfield>
    <subfield code="b">AIMIT</subfield>
    <subfield code="e">Higginbothams Pvt Ltd</subfield>
    <subfield code="g">415.00</subfield>
    <subfield code="i">Bill no:2449; Bill dt:2012-08-06</subfield>
    <subfield code="l">0</subfield>
    <subfield code="o">005.304 GODN</subfield>
    <subfield code="p">MCA12127</subfield>
    <subfield code="r">2026-05-23 00:00:00</subfield>
    <subfield code="v">311.25</subfield>
    <subfield code="w">2021-07-16</subfield>
    <subfield code="y">BK</subfield>
  </datafield>
  <datafield tag="952" ind1=" " ind2=" ">
    <subfield code="0">0</subfield>
    <subfield code="1">0</subfield>
    <subfield code="2">ddc</subfield>
    <subfield code="4">0</subfield>
    <subfield code="7">0</subfield>
    <subfield code="8">MCA</subfield>
    <subfield code="a">AIMIT</subfield>
    <subfield code="b">AIMIT</subfield>
    <subfield code="e">Higginbothams Pvt Ltd</subfield>
    <subfield code="g">415.00</subfield>
    <subfield code="i">Bill no:2449; Bill dt:2012-08-06</subfield>
    <subfield code="l">0</subfield>
    <subfield code="o">005.304 GODN</subfield>
    <subfield code="p">MCA12128</subfield>
    <subfield code="r">2026-05-23 00:00:00</subfield>
    <subfield code="v">311.25</subfield>
    <subfield code="w">2021-07-16</subfield>
    <subfield code="y">BK</subfield>
  </datafield>
  <datafield tag="952" ind1=" " ind2=" ">
    <subfield code="0">0</subfield>
    <subfield code="1">0</subfield>
    <subfield code="2">ddc</subfield>
    <subfield code="4">0</subfield>
    <subfield code="7">0</subfield>
    <subfield code="8">MCA</subfield>
    <subfield code="a">AIMIT</subfield>
    <subfield code="b">AIMIT</subfield>
    <subfield code="e">Higginbothams Pvt Ltd</subfield>
    <subfield code="g">415.00</subfield>
    <subfield code="i">Bill no:81; Bill dt:2012-10-09</subfield>
    <subfield code="l">0</subfield>
    <subfield code="o">005.304 GODN</subfield>
    <subfield code="p">MCA12278</subfield>
    <subfield code="r">2026-05-23 00:00:00</subfield>
    <subfield code="v">311.25</subfield>
    <subfield code="w">2021-07-16</subfield>
    <subfield code="y">BK</subfield>
  </datafield>
  <datafield tag="952" ind1=" " ind2=" ">
    <subfield code="0">0</subfield>
    <subfield code="1">0</subfield>
    <subfield code="2">ddc</subfield>
    <subfield code="4">0</subfield>
    <subfield code="7">0</subfield>
    <subfield code="8">MCA</subfield>
    <subfield code="a">AIMIT</subfield>
    <subfield code="b">AIMIT</subfield>
    <subfield code="e">Higginbothams Pvt Ltd</subfield>
    <subfield code="g">415.00</subfield>
    <subfield code="i">Bill no:81; Bill dt:2012-10-09</subfield>
    <subfield code="l">0</subfield>
    <subfield code="o">005.304 GODN</subfield>
    <subfield code="p">MCA12279</subfield>
    <subfield code="r">2026-05-23 00:00:00</subfield>
    <subfield code="v">311.25</subfield>
    <subfield code="w">2021-07-16</subfield>
    <subfield code="y">BK</subfield>
  </datafield>
  <datafield tag="952" ind1=" " ind2=" ">
    <subfield code="0">0</subfield>
    <subfield code="1">0</subfield>
    <subfield code="2">ddc</subfield>
    <subfield code="4">0</subfield>
    <subfield code="7">0</subfield>
    <subfield code="8">MCA</subfield>
    <subfield code="a">AIMIT</subfield>
    <subfield code="b">AIMIT</subfield>
    <subfield code="e">Narosa Book Distributors</subfield>
    <subfield code="g">415.00</subfield>
    <subfield code="i">Bill no:67452; Bill dt:2015-05-2</subfield>
    <subfield code="l">0</subfield>
    <subfield code="o">005.304 GODN</subfield>
    <subfield code="p">MCA14301</subfield>
    <subfield code="r">2026-05-23 00:00:00</subfield>
    <subfield code="v">311.25</subfield>
    <subfield code="w">2021-07-16</subfield>
    <subfield code="y">BK</subfield>
  </datafield>
</record>
